Every day in every way / (Record no. 103023)
[ view plain ]
| 000 -LEADER | |
|---|---|
| fixed length control field | 00545nam a2200169 a 4500 |
| 005 - DATE AND TIME OF LATEST TRANSACTION | |
| control field | 20140412111248.0 |
| 008 - FIXED-LENGTH DATA ELEMENTS--GENERAL INFORMATION | |
| fixed length control field | 001120s19uu xx 00 eng d |
| 020 ## - INTERNATIONAL STANDARD BOOK NUMBER | |
| International Standard Book Number | 0-8224-2507-6 |
| 050 ## - LIBRARY OF CONGRESS CALL NUMBER | |
| Classification number | TR(GS 372.21 |
| Item number | H724 1989 |
| 100 ## - MAIN ENTRY--PERSONAL NAME | |
| Personal name | Holley, Cynhtia |
| 245 ## - TITLE STATEMENT | |
| Title | Every day in every way / |
| Statement of responsibility, etc | Cynthia Holley, Faraday Burditt. |
| 260 ## - PUBLICATION, DISTRIBUTION, ETC. (IMPRINT) | |
| Place of publication, distribution, etc | Belmont, CA : |
| Name of publisher, distributor, etc | Fearon Teacher Aids. |
| 300 ## - PHYSICAL DESCRIPTION | |
| Extent | 127 p. |
| 650 ## - SUBJECT ADDED ENTRY--TOPICAL TERM | |
| Topical term or geographic name as entry element | Preschool education -- activity programs |
| 650 ## - SUBJECT ADDED ENTRY--TOPICAL TERM | |
| Topical term or geographic name as entry element | Preschool education -- curricula - handbooks, manual, etc. |
| Withdrawn status | Lost status | Damaged status | Home library | Current library | Shelving location | Date acquired | Source of acquisition | Total Checkouts | Full call number | Barcode | Date last seen | Price effective from | Koha item type |
|---|---|---|---|---|---|---|---|---|---|---|---|---|---|
| Elizalde Library | Elizalde Library | Teachers Reference Section | 11/20/2000 | TR(GS 372.21 H724 1989 | E3648 | 04/12/2014 | 04/12/2014 | Books |